[Event "NLD-ch op"]
[Site "?"]
[Date "1994.??.??"]
[Round "?"]
[White "Hodgson, Julian M"]
[Black "Van de Mortel, Jan"]
[Result "1-0"]
[WhiteElo "2580"]
[BlackElo "2335"]

1.d4 Nf6 2.Bg5 g6 3.Bxf6 exf6 4.c4 Bg7 5.Nc3 f5 6.g3 d6 7.Bg2 Nd7 8.e3 O-O
9.Nge2 Nb6 10.Qd3 a5 11.O-O c6 12.b3 Re8 13.a3 Nd7 14.b4 axb4 15.axb4 Rxa1
16.Rxa1 Nf6 17.Rd1 Qb6 18.Rb1 Be6 19.Nf4 Nd7 20.h4 Ra8 21.b5 Qc7 22.bxc6 bxc6
23.Nxe6 fxe6 24.Nb5 cxb5 25.Bxa8 Qxc4 26.Qb3 Kf7 27.Qxb5 Qxb5 28.Rxb5 Nf8
29.d5 e5 30.Rb6 Ke7 31.Bc6 e4 32.Rb7+ Kf6 33.Be8 Bh6 34.Rf7+ Ke5 35.Bc6  1-0

[Event "NLD-ch op"]
[Site "?"]
[Date "1994.??.??"]
[Round "?"]
[White "Hodgson, Julian M"]
[Black "Van der Wiel, John TH"]
[Result "1-0"]
[WhiteElo "2580"]
[BlackElo "2555"]

1.d4 Nf6 2.Bg5 c5 3.Bxf6 gxf6 4.d5 Qb6 5.Qc1 Bh6 6.e3 f5 7.c4 f4 8.exf4 Bxf4
9.Qxf4 Qxb2 10.Ne2 Qxa1 11.Nc3 Qb2 12.d6 Nc6 13.Bd3 exd6 14.O-O Ne5 15.Qf6 O-O
16.Nd5 Re8 17.Qg5+ Ng6 18.Nf6+ Kf8 19.Qh6+ Ke7 20.Nd5+ Kd8 21.Bxg6 hxg6 22.Nbc3  1-0

[Event "NLD-chT9495"]
[Site "?"]
[Date "1994.??.??"]
[Round "1"]
[White "Kerkmeester, Heico"]
[Black "Van der Vorm, Teun"]
[Result "1-0"]
[WhiteElo "2220"]
[BlackElo "2405"]

1.d4 Nf6 2.Bg5 c5 3.d5 Qb6 4.Nc3 Qxb2 5.Bd2 Qb6 6.e4 d6 7.f4 g6 8.e5 dxe5
9.fxe5 Nfd7 10.Nf3 Bg7 11.Rb1 Qd8 12.e6 fxe6 13.Ng5 Nf6 14.Bb5+ Kf8 15.dxe6 Qd4
16.Ne2 Qd5 17.O-O Bh6 18.c4 Qd8 19.Nxh7+ Kg7 20.Nxf6 Bxd2 21.Nd5 Bg5 22.Rf7+ Kg8
23.Qd3 Rh6 24.Nf6+  1-0

[Event "NLD-chT9495"]
[Site "?"]
[Date "1994.??.??"]
[Round "7"]
[White "Gelpke, Peter"]
[Black "Bosboom, Manuel"]
[Result "1-0"]
[WhiteElo "2405"]
[BlackElo "2395"]

1.d4 Nf6 2.Bg5 c5 3.d5 Qa5+ 4.Bd2 Qc7 5.Nc3 g6 6.e4 d6 7.Nf3 Bg4 8.h3 Bxf3
9.Qxf3 Bg7 10.Be2 O-O 11.O-O Nbd7 12.Qg3 a6 13.a4 Rab8 14.a5 Rfe8 15.Rfe1 b5
16.axb6 Rxb6 17.b3 a5 18.f4 Rb4 19.Bc4 Nh5 20.Qf3 Qd8 21.Ra3 Nb6 22.Qd3 Bd4+
23.Kh1 Bf2 24.Rd1 Nxc4 25.bxc4 e6 26.dxe6 fxe6 27.Ne2 Rf8 28.Qf3 Qh4 29.Rf1 Bd4
30.c3 Rb2 31.Be1 Qf6 32.cxd4 cxd4 33.Nxd4 Rc8 34.g4 Ng7 35.Bc3  1-0

[Event "NLD-chT9495"]
[Site "?"]
[Date "1994.??.??"]
[Round "7"]
[White "Bohm, Hans"]
[Black "Van de Oudeweetering, Arthur"]
[Result "1-0"]
[WhiteElo "2390"]
[BlackElo "2325"]

1.d4 d5 2.Bg5 Nf6 3.c3 c6 4.e3 Bf5 5.Bd3 Bxd3 6.Qxd3 Ne4 7.Bh4 Qb6 8.b3 Nd7
9.f3 Nd6 10.Ne2 g6 11.e4 Bg7 12.Nd2 e6 13.Rd1 dxe4 14.fxe4 c5 15.Bf2 O-O
16.O-O cxd4 17.cxd4 Qb4 18.Rc1 Rac8 19.Nc4 Nxc4 20.bxc4 b6 21.e5 Rc7 22.Qb3 Qe7
23.Nc3 f6 24.Nb5 Rb7 25.Bh4 g5 26.exf6 Rxf6 27.Rxf6 Qxf6 28.Bg3 a6 29.Rf1 Qg6
30.Qf3 axb5 31.Qxb7 Bxd4+ 32.Bf2 Qg7 33.Qa8+ Nf8 34.Bxd4 Qxd4+ 35.Kh1 Qd6
36.cxb5 g4 37.Qe8  1-0

[Event "NLD-chT9495"]
[Site "?"]
[Date "1994.??.??"]
[Round "8"]
[White "Wilgenhof, Otto"]
[Black "Tonoli, Walter"]
[Result "1-0"]
[WhiteElo "2235"]
[BlackElo "2290"]

1.d4 Nf6 2.Bg5 c5 3.d5 Qb6 4.Bc1 g6 5.g3 Bg7 6.Bg2 O-O 7.e4 e6 8.Ne2 exd5
9.exd5 d6 10.O-O Re8 11.Nd2 Bg4 12.Re1 Nbd7 13.Nc4 Qa6 14.Ne3 Bxe2 15.Qxe2 Qxe2
16.Rxe2 Nb6 17.Kf1 Re7 18.Bd2 Rae8 19.Rae1 Ne4 20.Ba5 Bxb2 21.Nd1 Nxd5 22.Rxe4 Be5
23.Rxe5 Rxe5 24.Bxd5 b6 25.Bc3  1-0

[Event "BCF-ch"]
[Site "Norwich"]
[Date "1994.??.??"]
[Round "5"]
[White "Buckley, Graeme"]
[Black "Lodhi, Mahmood"]
[Result "0-1"]
[WhiteElo "2295"]
[BlackElo "2475"]

1.d4 Nf6 2.Bg5 d5 3.Bxf6 exf6 4.e3 c6 5.c4 Bb4+ 6.Nc3 O-O 7.Qb3 Ba5 8.cxd5 Qxd5
9.Qxd5 cxd5 10.Ne2 Be6 11.g3 Nd7 12.Bg2 f5 13.Rc1 Nf6 14.Nf4 Rac8 15.Ke2 Bxc3
16.Rxc3 Rxc3 17.bxc3 Rc8 18.Kd2 Rc6 19.Rb1 Ra6 20.Rb2 b6 21.f3 Ra3 22.Bf1 Kf8
23.h4 Ne8 24.Rc2 Nd6 25.Kc1 Ke7 26.Kb2 Ra5 27.Bd3 h6 28.h5 Kd8 29.Rc1 Ke7
30.Rg1 Bd7 31.Rg2 Kd8 32.Ka1 Bb5 33.g4 Bxd3 34.Nxd3 Rb5 35.g5 Nc4 36.gxh6 gxh6
37.Ne5 Nxe5 38.dxe5 Ke7 39.Rg8 Rc5 40.Kb2 Rb5+ 41.Kc1 Ra5 42.Rg2 f4 43.exf4 Ra4
44.Rg4 Rxa2 45.f5 Rh2 46.Rg8 Rxh5 47.f6+ Ke6 48.f4 Rh4 49.Re8+ Kf5 50.Re7 Rxf4
51.e6 fxe6 52.f7 Ke5 53.Rxa7 h5 54.Kd2 b5 55.Ke3 Rf5 56.Rb7 h4  0-1

[Event "Nyiregyhaza op"]
[Site "Nyiregyhaza"]
[Date "1994.??.??"]
[Round "?"]
[White "Donka, Peter"]
[Black "Kocsis, Gyorgy"]
[Result "1-0"]
[WhiteElo "2220"]
[BlackElo "2285"]

1.d4 Nf6 2.Bg5 g6 3.Bxf6 exf6 4.c4 Bg7 5.Nc3 O-O 6.Nf3 f5 7.g3 d6 8.Bg2 Nd7
9.O-O c6 10.e3 Nf6 11.Qc2 Re8 12.Nd2 Be6 13.b4 Rc8 14.Qd3 b6 15.a4 c5 16.d5 Ne4
17.dxe6 Nxc3 18.exf7+ Kxf7 19.b5 d5 20.cxd5 Ne4 21.Rac1 Nxd2 22.Qxd2 Qd6
23.Rc4 Be5 24.Rfc1 Kg7 25.R1c2 Rc7 26.Ra2 g5 27.Qe2 Qg6 28.Qd3 Rf7 29.a5 Qd6
30.axb6 axb6 31.Rca4 f4 32.exf4 gxf4 33.Re4 fxg3 34.hxg3 Ref8 35.Rg4+ Kh8
36.f4 Bd4+ 37.Kh2 Qd7 38.Rh4 Rg7 39.Re2 Qa7 40.Re6 Bf2 41.Rh3 Rfg8 42.Qc3 Bd4
43.Qe1 c4 44.Re4 Bc5 45.Rxc4 Qa2 46.Qc1 Qf2 47.Rc2 Qd4 48.Qe1 Qa4 49.Qe2 Qa1
50.Qf1 Qd4 51.Re2 Ra7 52.Qb1 Rag7 53.Be4 Re7 54.Rxh7+ Rxh7+ 55.Bxh7 Qxd5
56.Bf5 Rf8 57.Bh3 Kg7 58.Qe4 Qd1 59.Qe5+ Rf6 60.Re1 Qd2+  1-0

[Event "DEN-ch"]
[Site "Odense"]
[Date "1994.??.??"]
[Round "6"]
[White "Nielsen, Peter Heine"]
[Black "Danielsen, Henrik"]
[Result "0-1"]
[WhiteElo "2475"]
[BlackElo "2480"]

1.d4 Nf6 2.Bg5 d5 3.Bxf6 exf6 4.e3 c6 5.c4 dxc4 6.Bxc4 Bd6 7.Nc3 O-O 8.Qc2 f5
9.Nf3 Nd7 10.h3 Nf6 11.O-O-O Qa5 12.Kb1 b5 13.Bd3 Rb8 14.Nd2 g6 15.g4 fxg4
16.hxg4 Nxg4 17.Nde4 Be7 18.f3 b4 19.fxg4 bxc3 20.Nxc3 Bxg4 21.Rdg1 f5 22.Rxg4 fxg4
23.Bxg6 Qg5 24.Bxh7+ Kg7 25.Ne4 Qxe3 26.Ng3 Rxb2+ 27.Qxb2 Qxg3 28.Qc2 Qd6
29.Bd3 Rb8+ 30.Kc1 Qf4+ 31.Qd2 Ba3+  0-1

[Event "Orange op"]
[Site "Orange"]
[Date "1994.??.??"]
[Round "4"]
[White "Sharif, Mershad"]
[Black "Touzane, Olivier"]
[Result "1/2-1/2"]
[WhiteElo "2455"]
[BlackElo "2320"]

1.d4 Nf6 2.Bg5 d5 3.e3 Ne4 4.Bf4 c5 5.Nd2 Nxd2 6.Qxd2 cxd4 7.exd4 Bf5 8.Nf3 e6
9.Bxb8 Rxb8 10.Bb5+ Ke7 11.O-O f6 12.Nh4 Kf7 13.Nxf5 exf5 14.Rfe1 Bd6 15.Qe2 g6
16.Ba4 Kg7 17.Bb3 Qc7 18.h3 Rhe8 19.Qb5 Re4 20.Bxd5 Rxd4 21.Rad1 Rxd1  1/2-1/2

[Event "Oslo op"]
[Site "Oslo"]
[Date "1994.??.??"]
[Round "7"]
[White "Hodgson, Julian M"]
[Black "Myrvold, Torben"]
[Result "1-0"]
[WhiteElo "2570"]
[BlackElo "2305"]

1.d4 Nf6 2.Bg5 d5 3.Bxf6 exf6 4.e3 c6 5.c4 dxc4 6.Bxc4 Bd6 7.Nc3 O-O 8.Qc2 f5
9.Nf3 Nd7 10.O-O-O Nf6 11.Ne5 Qc7 12.f4 b5 13.Bd3 b4 14.Na4 Nd5 15.Rhe1 b3
16.axb3 Nb4 17.Qf2 Nxd3+ 18.Rxd3 Ba6 19.Rc3 Bb4 20.Nc5 Bxc3 21.bxc3 Bc8 22.Qf3 Be6
23.Qxc6 Qa5 24.Kb2 Rac8 25.Ra1 Qxa1+ 26.Kxa1 Rxc6 27.Nxc6 Re8 28.c4 a6 29.d5 Bc8
30.d6 Rxe3 31.Ne7+  1-0

[Event "HUN-ch U20"]
[Site "Paks"]
[Date "1994.??.??"]
[Round "?"]
[White "Varga, Peter"]
[Black "Ruck, Tamas"]
[Result "1/2-1/2"]
[WhiteElo "2330"]
[BlackElo "2320"]

1.d4 d5 2.Bg5 Nf6 3.Nd2 c5 4.dxc5 e6 5.e3 Bxc5 6.Ngf3 O-O 7.c4 Be7 8.a3 b6
9.Be2 Bb7 10.O-O Nbd7 11.Rc1 Nc5 12.cxd5 Bxd5 13.Bc4 h6 14.Bh4 Bb7 15.Qe2 Nfe4
16.Nxe4 Bxh4 17.Nxc5 Bxf3 18.Qxf3 bxc5 19.Rfd1 Qb6 20.b3 Bf6 21.a4 Rad8 22.g3 Rxd1+
23.Rxd1 Rd8 24.h4 Kf8 25.Rxd8+ Qxd8 26.Qb7 a5 27.Kg2  1/2-1/2

[Event "Pardubice op"]
[Site "Pardubice"]
[Date "1994.??.??"]
[Round "5"]
[White "Tobyas, Miroslav"]
[Black "Nun, Jiri"]
[Result "0-1"]
[WhiteElo "2305"]
[BlackElo "2420"]

1.d4 Nf6 2.Bg5 c5 3.d5 Ne4 4.Bc1 g6 5.f3 Nf6 6.e4 d6 7.c4 Bg7 8.Nc3 O-O 9.Be3 e6
10.dxe6 Bxe6 11.Qd2 Nc6 12.Rd1 Ne8 13.h4 h5 14.Bh6 a6 15.g4 hxg4 16.h5 Bxh6
17.Qxh6 g5 18.f4 gxf4 19.Qxf4 Ne5 20.b3 Kh7 21.Bg2 Rg8 22.Nge2 Qg5 23.Qg3 b5
24.cxb5 axb5 25.Nxb5 Rxa2 26.Nec3 Rb2  0-1

[Event "Paris APSAP"]
[Site "Paris"]
[Date "1994.??.??"]
[Round "4"]
[White "Emms, John M"]
[Black "Vareille, Francois"]
[Result "1/2-1/2"]
[WhiteElo "2535"]
[BlackElo "2430"]

1.d4 Nf6 2.Bg5 g6 3.Bxf6 exf6 4.e3 Bg7 5.Bd3 f5 6.Ne2 d6 7.O-O O-O 8.c4 c5
9.Nbc3 Nc6 10.dxc5 dxc5 11.Nf4 Be6 12.Qb3 Na5 13.Qa4 Bxc3 14.bxc3 b6 15.Nxe6 fxe6
16.Rad1 Qf6 17.Qc2 Rad8 18.Be2 Kf7 19.Bd3 Kg7  1/2-1/2

[Event "Peristeri"]
[Site "Peristeri"]
[Date "1994.??.??"]
[Round "8"]
[White "Chabanon, Jean Luc"]
[Black "Moutousis, Konstantinos"]
[Result "0-1"]
[WhiteElo "2475"]
[BlackElo "2425"]

1.d4 Nf6 2.Bg5 c5 3.Bxf6 gxf6 4.d5 d6 5.g3 Bg7 6.c3 Nd7 7.Nf3 f5 8.Na3 Nf6
9.Nc4 b5 10.Ne3 Rb8 11.a3 O-O 12.Qd3 e6 13.Bg2 Bh6 14.Nh4 Kh8 15.Bf3 Rg8
16.Rd1 Rb6 17.Nhg2 Qe7 18.dxe6 fxe6 19.a4 bxa4 20.Nc4 Ba6  0-1

[Event "Praha Mladi-B"]
[Site "Prague"]
[Date "1994.??.??"]
[Round "7"]
[White "Chibukhchian, Artur"]
[Black "Pachmann, Ales"]
[Result "1/2-1/2"]
[WhiteElo "2250"]
[BlackElo "2160"]

1.d4 Nf6 2.Bg5 d5 3.Bxf6 gxf6 4.e3 c5 5.dxc5 e6 6.Nd2 Bxc5 7.Qg4 Nc6 8.Qg7 Ke7
9.Nb3 Bd6 10.Qg4 a5 11.a4 Bd7 12.Qd1  1/2-1/2

[Event "ROM-chT"]
[Site "ROM"]
[Date "1994.??.??"]
[Round "?"]
[White "Ungureanu, Emil"]
[Black "Manolache, Marius"]
[Result "0-1"]
[WhiteElo "2285"]
[BlackElo "2325"]

1.d4 Nf6 2.Bg5 c5 3.Bxf6 gxf6 4.d5 Qb6 5.Qc1 Bh6 6.e3 f5 7.Nh3 Rg8 8.c3 Qd6
9.Qd2 Na6 10.Na3 Nc7 11.Rd1 b5 12.Qd3 Ba6 13.Qxf5 Rg6 14.e4 Bg7 15.Ng5 Qf6
16.Qxf6 Bxf6 17.Nh3 b4 18.Nb1 Bxf1 19.Kxf1 Rb8 20.Nf4 Rg4 21.g3 bxc3 22.bxc3 Nb5
23.f3 Rg8 24.Ne2 d6 25.Kf2 Rb6 26.Rd2 Kd7 27.Rb2 Ra8 28.Rc1 Na3 29.Rb3 Nc4
30.Rc2 Rab8 31.Nc1 a5 32.Ke2 a4 33.Rxb6 Rxb6 34.Nd2 Na3 35.Kd1 Nxc2 36.Kxc2 h5
37.h4 Rb8 38.Ne2 e6 39.Nf4 Be5 40.Nxh5 exd5 41.exd5 Rh8 42.g4 Ke7 43.Nc4 f5
44.Nxe5 dxe5 45.Ng3 fxg4 46.fxg4 c4 47.g5 Rf8 48.g6 Rf2+ 49.Kc1 Rg2 50.Nf5+ Kf6
51.Ne3 Rg3 52.Kd2 Rxg6 53.a3 Rg3 54.Nxc4 Kf5 55.Nb6 Ke4 56.d6 Rd3+ 57.Ke2 Rxd6
58.Nxa4 Rc6 59.Kd2 Kf3 60.Nb2 e4 61.Nd1 Rd6+ 62.Kc2 Rxd1  0-1

[Event "ROM-chT"]
[Site "ROM"]
[Date "1994.??.??"]
[Round "?"]
[White "Ignatescu, Radu"]
[Black "Foisor, Ovidiu"]
[Result "0-1"]
[WhiteElo "2305"]
[BlackElo "2435"]

1.d4 Nf6 2.Bg5 g6 3.Bxf6 exf6 4.e4 d6 5.Bd3 Nc6 6.c3 Ne7 7.Qe2 Bg7 8.f4 O-O
9.Nd2 f5 10.O-O-O fxe4 11.Nxe4 Nd5 12.Qf3 c6 13.Ne2 f5 14.Nf2 Re8 15.Bc4 Be6
16.Bb3 a5 17.Rhg1 a4 18.Bc2 Bf7 19.Qd3 Ne3 20.Rde1 Bc4 21.Qd2 Bxa2 22.Nd1 Nxc2
23.Kxc2 Bd5 24.Nc1 Be4+ 25.Nd3 c5 26.dxc5 dxc5 27.Nf2 c4  0-1

[Event "ROM-chT"]
[Site "ROM"]
[Date "1994.??.??"]
[Round "?"]
[White "Dumitrescu, Dragos"]
[Black "Varlan, Herwig Ioan"]
[Result "1/2-1/2"]
[WhiteElo "2370"]
[BlackElo "2240"]

1.d4 Nf6 2.Bg5 c5 3.Bxf6 gxf6 4.d5 Qb6 5.Qc1 Bh6 6.e3 f5 7.Nf3 Rg8 8.Na3 Na6
9.c3 Nc7 10.Nc4 Qf6 11.Qd2 d6 12.a4 b6 13.Na3 Bd7 14.Nb5 Kd8 15.g3 a6 16.Nxc7 Kxc7
17.Be2 e5 18.dxe6 fxe6 19.O-O e5 20.b4 e4 21.bxc5 dxc5 22.Ne1 Bc6 23.Ng2 Rgd8
24.Qa2 a5 25.Qb3 Rd2 26.Rab1 Bd5 27.Bc4 Rd8 28.Nh4 Bg5 29.Ng2 Qc6 30.Bxd5 R8xd5
31.Qc4 Kb7 32.h4 Bh6 33.Rb3 Ka7 34.Rfb1 Rd1+ 35.Kh2 Rxb1 36.Rxb1 Rd2 37.Qf7+ Qd7
38.Qb3 Rd6 39.Rb2 Qc6 40.Qf7+ Qd7 41.Qb3 Qc6 42.Qf7+  1/2-1/2

[Event "ROM-chT"]
[Site "ROM"]
[Date "1994.??.??"]
[Round "?"]
[White "Gordan, Nicolae"]
[Black "Vasiesiu, Dan"]
[Result "1-0"]
[WhiteElo "2295"]
[BlackElo "2340"]

1.d4 Nf6 2.Bg5 c5 3.d5 Ne4 4.Bf4 Qb6 5.Qc1 e6 6.c4 exd5 7.cxd5 Be7 8.f3 Bf6
9.Nc3 Nxc3 10.Qe3+ Kd8 11.bxc3 Qb2 12.Rc1 Qxa2 13.Qxc5 Na6 14.Qf2 Qxd5 15.e4 Qa5
16.Bxa6 Qxa6 17.Ne2 Qc4 18.O-O Be7 19.Nd4 g6 20.Ra1 a6 21.Qb2 Bc5 22.Kh1 b5
23.Nb3 Be7 24.Na5 Qe6 25.Rfd1 f6 26.Rd5 Ke8 27.Rad1 Kf7 28.Qf2 Re8 29.c4 Bb4
30.Bd2 Bxa5 31.Bxa5 bxc4 32.Bc3 Rb8 33.Rd6 Rb1 34.Qd2 Rxd1+ 35.Qxd1 Qe7 36.Qd4 Rf8
37.Rxf6+ Ke8 38.Rb6 Qg5 39.Bd2 Qe7 40.Bb4 Qg5 41.Bxf8 Kxf8  1-0

[Event "Sala op"]
[Site "Sala"]
[Date "1994.??.??"]
[Round "3"]
[White "Obsivac, Josef"]
[Black "Hyll, Jan"]
[Result "1-0"]
[WhiteElo "2310"]
[BlackElo "2085"]

1.d4 d5 2.Bg5 Nf6 3.e3 c6 4.Bd3 Nbd7 5.Nf3 e6 6.O-O Be7 7.Nbd2 h6 8.Bf4 O-O
9.Ne5 Nxe5 10.dxe5 Ne8 11.Qh5 Bg5 12.Nf3 Bxf4 13.exf4 f5 14.g4 Qe7 15.Nh4 Qb4
16.Ng6 Rf7 17.Rae1 d4 18.a3 Qxb2 19.gxf5 exf5 20.Bc4 Qc3 21.Ne7+  1-0

[Event "Sarospatak op"]
[Site "Sarospatak"]
[Date "1994.??.??"]
[Round "?"]
[White "Varga, Peter"]
[Black "Krizsany, Laszlo"]
[Result "0-1"]
[WhiteElo "2330"]
[BlackElo "2385"]

1.d4 d5 2.Bg5 Nf6 3.Nc3 Nbd7 4.e3 e6 5.Bd3 c5 6.Nf3 Be7 7.O-O O-O 8.b3 b6
9.Ne5 Bb7 10.Ne2 Rc8 11.Ng3 Nxe5 12.dxe5 Nd7 13.Bxe7 Qxe7 14.f4 c4 15.bxc4 dxc4
16.Be4 Nc5 17.Bxb7 Qxb7 18.Qg4 f5 19.exf6 Rxf6 20.Rae1 Rd8 21.e4 Rd2 22.Re2 Qd7
23.e5 Qd4+ 24.Kh1 Rf8 25.Nh5 Rf7 26.Nf6+ Kh8 27.Qh5 g6 28.Rxd2 Qxd2 29.Qd1 c3
30.Qxd2 cxd2 31.Rd1 Nd7 32.Rxd2 Nxf6 33.exf6 Rxf6 34.g3 Rf7 35.Kg2 Rc7 36.Kf3 Rc3+
37.Ke4 Ra3 38.Ke5 Kg7 39.Kxe6 Rxa2 40.g4 Ra4 41.Rf2 Re4+ 42.Kd5 Re3 43.Kc6 h5
44.gxh5 gxh5 45.Rg2+ Kf6 46.Rg5 Rc3+ 47.Kb7 Rxc2 48.Kxa7 Rxh2 49.Kxb6 h4
50.Kc5 h3 51.Kd4 Rh1 52.Ke3 h2 53.Kf2 Rc1  0-1

[Event "SLO-chT"]
[Site "?"]
[Date "1994.??.??"]
[Round "?"]
[White "Cander, Mitja"]
[Black "Praznik, Niko"]
[Result "1-0"]
[WhiteElo "2260"]
[BlackElo "2075"]

1.d4 Nf6 2.Bg5 g6 3.Bxf6 exf6 4.Nd2 f5 5.e3 Bg7 6.Qf3 O-O 7.Bd3 Nc6 8.c3 b6
9.Ne2 Bb7 10.Qg3 d6 11.Nf4 Ne7 12.h4 h5 13.Bc4 d5 14.Be2 Kh8 15.Nf3 Ng8 16.Ne5 Bxe5
17.dxe5 Nh6 18.Nxg6+ fxg6 19.Qxg6 Nf7 20.f4 Qe7 21.Qxh5+ Kg7 22.Rh3 Rh8 23.Qxf5 Bc8
24.Rg3+ Kf8 25.Qg6 Qxh4 26.O-O-O Bf5 27.Qxf5 Qxg3 28.e6 Qxe3+ 29.Rd2 Rh7
30.Qxh7 Qxe6 31.g4 Ke7 32.Qh4+ Kd7 33.Qh1 c6 34.g5 Rh8 35.Qg2 Qe3 36.Qf3 Qxf3
37.Bxf3 Rh4 38.Rd4 Kd6 39.Kd2 Nd8 40.f5 Rxd4+ 41.cxd4 c5 42.Ke3 cxd4+ 43.Kxd4 Nc6+
44.Ke3 Ke5 45.f6 Nd8 46.Bg4  1-0

[Event "SLO-chT"]
[Site "?"]
[Date "1994.??.??"]
[Round "?"]
[White "Cander, Mitja"]
[Black "Podkriznik, Gregor"]
[Result "0-1"]
[WhiteElo "2265"]
[BlackElo "2290"]

1.d4 Nf6 2.Bg5 c5 3.Bxf6 gxf6 4.d5 Qb6 5.Qc1 f5 6.g3 d6 7.c3 Nd7 8.Nh3 Nf6
9.Bg2 Bg7 10.Nd2 Qc7 11.a4 O-O 12.Nc4 Bd7 13.Qc2 e6 14.Ne3 Rae8 15.O-O Bh6
16.f4 c4 17.Kh1 Qc5 18.Qd2 e5 19.Nc2 Ne4 20.Bxe4 fxe4 21.Ng5 e3 22.Qd1 exf4
23.gxf4 Bf5 24.Rg1 Bg7 25.Nf3 Kh8 26.Rg5 Be4 27.Nd4 Bxd5 28.Nf5 Bf6 29.Rh5 Bxf3+
30.exf3 e2 31.Qe1 Qd5 32.Qg3 e1=Q+ 33.Rxe1 Rxe1+  0-1

[Event "Wch U26"]
[Site "Sofia"]
[Date "1994.??.??"]
[Round "5"]
[White "Knezevic, Bojan"]
[Black "Mastrokoukos, Georgios"]
[Result "1/2-1/2"]
[WhiteElo "2385"]
[BlackElo "2390"]

1.d4 Nf6 2.Bg5 c5 3.Bxf6 gxf6 4.d5 f5 5.c3 Bg7 6.e3 d6 7.Ne2 Qb6 8.Qd2 Nd7
9.Na3 Nf6 10.Nc4 Qc7 11.a4 O-O 12.Nf4 b6 13.Be2 Rd8  1/2-1/2

[Event "St Cugat op"]
[Site "St Cugat"]
[Date "1994.??.??"]
[Round "8"]
[White "Gonzalez Camps, Luis"]
[Black "Martin Gonzalez, A."]
[Result "0-1"]
[WhiteElo "2215"]
[BlackElo "2435"]

1.d4 Nf6 2.Bg5 c5 3.Bxf6 gxf6 4.d5 Qb6 5.Qc1 f5 6.g3 Bg7 7.c3 d6 8.Nd2 Nd7
9.Nc4 Qa6 10.e3 b5 11.Na3 Qb7 12.Qd2 a6 13.Ne2 Ne5 14.Bg2 b4 15.cxb4 Qxb4
16.Qxb4 cxb4 17.Nc2 Nd3+ 18.Kd2 Nxb2 19.Ned4 Nc4+ 20.Ke2 a5 21.f4 Bb7 22.Rac1 e6
23.e4 fxe4 24.dxe6 fxe6 25.Nxe6 Bb2 26.Nc7+ Kd7 27.Nxa8 Bxc1 28.Rxc1 Rxa8
29.Nd4 d5 30.f5 Kd6 31.Ne6 Ba6 32.Kf2 a4 33.Bf1 b3 34.axb3 axb3 35.Bxc4 Bxc4
36.Rb1 Ra2+ 37.Ke3 Ke5 38.Nd4 Rxh2 39.f6 Kxf6 40.Nxb3 Bxb3 41.Rxb3 Ke5  0-1

[Event "St Petersburg op2"]
[Site "St Petersburg"]
[Date "1994.??.??"]
[Round "1"]
[White "Popov, Valerij"]
[Black "Yemelin, Vasily"]
[Result "1-0"]
[WhiteElo "2395"]
[BlackElo "2520"]

1.d4 Nf6 2.Bg5 c5 3.Bxf6 gxf6 4.d5 Qb6 5.Qc1 f5 6.g3 d6 7.Nh3 Nd7 8.Bg2 Bg7
9.c3 e5 10.f4 Nf6 11.Nd2 Ng4 12.Nc4 Qa6 13.Ne3 Bd7 14.Qd2 O-O-O 15.O-O h5
16.Ng5 Rdf8 17.fxe5 Nxe3 18.Qxe3 Bxe5 19.Bh3 Qc4 20.Bxf5 Bxf5 21.Rxf5 Qxd5
22.Qf3 Qxf3 23.exf3 f6 24.Ne6 Rfg8 25.f4 Kd7 26.Nxc5+ dxc5 27.fxe5 fxe5 28.Rxe5 h4
29.Kg2 hxg3 30.hxg3 Kd6 31.Re4 Rg6 32.Rd1+ Kc6 33.Rde1 Rhg8 34.Re6+ Kd5 35.Rxg6 Rxg6
36.Re7 Rb6 37.Re2 Ra6 38.a3 Kc4 39.g4 Kb3 40.Kg3 Rg6 41.Rg2  1-0

[Event "St Petersburg op2"]
[Site "St Petersburg"]
[Date "1994.??.??"]
[Round "3"]
[White "Beshukov, Sergei"]
[Black "Turov, Maxim"]
[Result "1/2-1/2"]
[WhiteElo "2495"]
[BlackElo "2405"]

1.d4 Nf6 2.Bg5 d5 3.Bxf6 gxf6 4.Nf3 Bf5 5.e3 c6 6.Bd3 Bg6 7.Nbd2 Nd7 8.e4 dxe4
9.Nxe4 Qc7 10.Qe2 O-O-O 11.O-O-O e6 12.Kb1 c5 13.Bb5 Be7 14.Bxd7+ Rxd7 15.dxc5 Bxe4
16.Qxe4 Bxc5 17.Rxd7 Qxd7 18.Qc4 Qc7 19.Qh4 f5 20.Rd1 Rd8 21.Rd3 Rxd3 22.cxd3 Qd8
23.Qc4 Qc7 24.Qh4 Qd8 25.Qc4 Qc7 26.d4 Be7 27.Qa4 Qd7 28.Qc4+ Qc7 29.Qb5 Qd7  1/2-1/2

[Event "St Petersburg op"]
[Site "St Petersburg"]
[Date "1994.??.??"]
[Round "3"]
[White "Aleksandrov, Aleksej"]
[Black "Zhelnin, Vladimir V"]
[Result "0-1"]
[WhiteElo "2535"]
[BlackElo "2420"]

1.d4 Nf6 2.Bg5 c5 3.Bxf6 gxf6 4.d5 Qb6 5.Qc1 f5 6.c4 Bh6 7.e3 f4 8.exf4 Bxf4
9.Qxf4 Qxb2 10.Ne2 Qxa1 11.Nc3 d6 12.Qd2 Rg8 13.g3 a6 14.Qc2 Kf8 15.Qb3 Nd7
16.Be2 b5 17.cxb5 axb5 18.Bxb5 Ne5 19.Be2 c4 20.Qb6 Bf5 21.O-O Rxa2 22.Nxa2 Qxa2
23.Re1 Qb3 24.Qd8+ Kg7 25.Qxe7 Bxb1 26.Bh5 Bg6 27.Qxd6 Nd3 28.Bxg6 hxg6 29.Re7 Rf8
30.Qc6 Qb2  0-1

[Event "St Petersburg op"]
[Site "St Petersburg"]
[Date "1994.??.??"]
[Round "6"]
[White "Chepukaitis, Genrikh"]
[Black "Atalik, Suat"]
[Result "0-1"]
[WhiteElo "2235"]
[BlackElo "2530"]

1.d4 d5 2.Bg5 Nf6 3.Nd2 c5 4.dxc5 e6 5.b4 b6 6.c4 bxc5 7.cxd5 exd5 8.bxc5 Bxc5
9.Rc1 Bb6 10.e3 O-O 11.Ngf3 h6 12.Bxf6 Qxf6 13.Be2 Nc6 14.O-O Rd8 15.Bb5 Bb7
16.Qa4 Rac8 17.Ba6 Bxa6 18.Qxa6 Nb4 19.Qxc8 Rxc8 20.Rxc8+ Kh7 21.a3 Nd3 22.Rc2 Qg6
23.Ra2 f5 24.Ne1 f4 25.Nxd3 fxe3 26.Nb4 exf2+ 27.Kh1 Qf5 28.Rb2 Be3 29.Nf3 g5
30.Nc2 Bb6 31.Nb4 g4 32.Nh4 Qf6 33.Rbb1 Qxh4 34.Nxd5 g3 35.h3 Qc4 36.Nxb6 axb6
37.Rfc1 Qa6 38.a4 Kg6 39.Ra1 Kf5 40.Rcb1 Ke4 41.Rb4+ Kd3 42.Rb5 Qxa4 43.Rbb1 Qf4
44.Rb3+ Kc2 45.Rbb1 Qd2 46.Rf1 Kd3 47.Rfb1 Ke2  0-1

[Event "St Petersburg op"]
[Site "St Petersburg"]
[Date "1994.??.??"]
[Round "8"]
[White "Chepukaitis, Genrikh"]
[Black "Tunik, Gennady"]
[Result "1/2-1/2"]
[WhiteElo "2235"]
[BlackElo "2430"]

1.d4 Nf6 2.Bg5 d5 3.Nd2 c6 4.e3 Bf5 5.Ne2 Nbd7 6.c4 Qb6 7.Qb3 e6 8.Nc3 h6
9.Bh4 g5 10.Bg3 Nh5 11.c5 Qxb3 12.axb3 Nxg3 13.hxg3 a6 14.b4 Rd8 15.f3 Bg7
16.e4 Bg6 17.e5 f6 18.f4 fxe5 19.fxe5 O-O 20.Be2 Kf7 21.g4 Ke7 22.g3 Rf7
23.Nb3 Nxe5 24.dxe5 d4 25.Nd1 d3 26.Bf1 Be4 27.Rg1 Bxe5 28.Kd2 Bd5 29.Ra3 Rf3
30.Nc3 Bxg3 31.Nxd5+ Rxd5 32.Kd1 Rf2 33.Nc1 Bf4 34.Rxd3 Rxb2 35.Rxd5 cxd5
36.Nd3 Rh2 37.Rg2 Rh1 38.Rf2 e5 39.Kc2 Ke6 40.Kb3 h5 41.gxh5 Rxh5 42.Rc2 e4
43.Nf2 Kd7 44.Bh3+ Kc6 45.Bf5 Rh8 46.Ng4 Rf8 47.Be6 Rd8 48.Nf6 Be5 49.Rf2 e3
50.Rf5 Bf4 51.Rxd5 Rf8 52.Bd7+ Kc7 53.Ne8+ Kb8 54.Rd4 g4 55.Re4 g3 56.Bh3 Rh8
57.Bf1 Bg5 58.Nd6 Kc7 59.Rg4 Rh1 60.Be2 Rh2 61.Rxg5 Rxe2 62.Rxg3 Re1 63.Rg7+ Kc6
64.Re7 e2 65.Kc2 Ra1 66.Rxe2 Ra2+ 67.Kd3 Rxe2 68.Kxe2 a5  1/2-1/2

[Event "St Petersburg op"]
[Site "St Petersburg"]
[Date "1994.??.??"]
[Round "9"]
[White "Aleksandrov, Aleksej"]
[Black "Frolov, Denis"]
[Result "1-0"]
[WhiteElo "2535"]
[BlackElo "2315"]

1.d4 Nf6 2.Bg5 c5 3.Bxf6 gxf6 4.d5 Qb6 5.Qc1 f5 6.c4 Bh6 7.e3 f4 8.exf4 Bxf4
9.Qxf4 Qxb2 10.Ne2 Qxa1 11.Nc3 d6 12.Qd2 Rg8 13.g3 a5 14.Bd3 Bh3 15.f4 Ra6
16.Kf2 Rb6 17.Re1 Rb2 18.Bc2 Bf5 19.Na3 Rxc2 20.Nxc2 Qb2 21.Qe3 e6 22.Re2 Bg4
23.Rd2 Qc1 24.Kg2 Rg6 25.Rf2 Qxe3 26.Nxe3 Kd7 27.h3 Bf5 28.g4 Rg7 29.Kh2 Bg6
30.f5 exf5 31.gxf5 Bh5 32.Ne4  1-0

[Event "SWE-chT 9394"]
[Site "SWE"]
[Date "1994.??.??"]
[Round "7"]
[White "Eriksson, Mats"]
[Black "Hermansson, Emil"]
[Result "0-1"]
[WhiteElo "2225"]
[BlackElo "2240"]

1.d4 Nf6 2.Bg5 c5 3.dxc5 Na6 4.Bxf6 gxf6 5.e4 Nxc5 6.Nc3 b6 7.Bc4 e6 8.Qe2 Bb7
9.O-O-O f5 10.f3 fxe4 11.fxe4 Qg5+ 12.Kb1 Rg8 13.Nf3 Qxg2 14.Qe3 Qh3 15.b4 Bh6
16.Qd4 Qxf3 17.bxc5 Bc6 18.Rhf1 bxc5 19.Qe5 Bg7 20.Rxf3 Bxe5 21.a4 Rb8+ 22.Ka2 Rg2  0-1

[Event "SWZ-chT"]
[Site "SWZ"]
[Date "1994.??.??"]
[Round "4"]
[White "Weindl, Alfred"]
[Black "Brendel, Oliver"]
[Result "1/2-1/2"]
[WhiteElo "2360"]
[BlackElo "2385"]

1.d4 Nf6 2.Bg5 g6 3.Bxf6 exf6 4.e3 Bg7 5.c3 O-O 6.Bd3 f5 7.Ne2 b6 8.Nd2 Bb7
9.O-O d6 10.a4 a5 11.Qc2 Re8 12.Rfe1 Nd7 13.Bb5 Bh6 14.Nf4 Rf8 15.b4 Nf6
16.bxa5 bxa5 17.Rab1 Rb8 18.Rb2 Nd5 19.g3 Bg7 20.Nxd5 Bxd5 21.Reb1 Ba8 22.Be2 Rxb2
23.Qxb2 Qd7 24.Qb5 Bc6 25.Qxa5 Ra8 26.Qxa8+ Bxa8 27.Rb8+ Bf8 28.Rxa8 c6 29.Ba6 Kg7
30.Bc8 Qc7 31.a5 d5 32.a6 Bd6 33.Bb7 Qa5 34.Rc8 Bc7 35.Kg2 Bb6 36.Rxc6 Ba7
37.Nf3 f6 38.h4 Qa3 39.Rc8 Qd6 40.Rc6 Qe7 41.Rc8 Qd6  1/2-1/2

[Event "Czerniak mem"]
[Site "Tel Aviv"]
[Date "1994.??.??"]
[Round "1"]
[White "Henderson, John B"]
[Black "Carmel, Ephraim"]
[Result "1/2-1/2"]
[WhiteElo "2185"]
[BlackElo "2280"]

1.d4 Nf6 2.Bg5 g6 3.Bxf6 exf6 4.c4 Bg7 5.Nc3 O-O 6.g3 Nc6 7.Bg2 d6 8.e3 Re8
9.Nge2 Bg4 10.O-O Qc8 11.Qa4 Ne7 12.Nf4 g5 13.Nfd5 c6 14.Nxe7+ Rxe7 15.Ne4 Rxe4
16.Bxe4 f5 17.Bc2 f4 18.Bd1 f3 19.Qb4 c5 20.dxc5 dxc5 21.Qd2 Qf5 22.Qd5 Bxb2
23.Qxb7 Bxa1 24.Qxa8+ Kg7 25.Qd5 Qf6 26.Bc2 Bb2 27.Rd1 Ba3 28.Qe4 h5 29.h3 Bxh3
30.Qh7+ Kf8 31.Qxh5 Be6 32.Be4 Bxc4 33.Qxf3 Qxf3 34.Bxf3 Bb4 35.Rd7 Bxa2
36.Rxa7 Be6 37.Kf1 Kg7 38.Ke2 Bc4+ 39.Kd1 Kf6 40.Be2 Bb3+ 41.Kc1 Ke5 42.Bd3 g4
43.Be2  1/2-1/2